<?xml version="1.0" encoding="UTF-8"?>
<record
    xmlns:xsi="http://www.w3.org/2001/XMLSchema-instance"
    xsi:schemaLocation="http://www.loc.gov/MARC21/slim http://www.loc.gov/standards/marcxml/schema/MARC21slim.xsd"
    xmlns="http://www.loc.gov/MARC21/slim">

  <leader>01027nam a22001817a 4500</leader>
  <datafield tag="952" ind1=" " ind2=" ">
    <subfield code="0">0</subfield>
    <subfield code="1">0</subfield>
    <subfield code="2">ddc</subfield>
    <subfield code="4">0</subfield>
    <subfield code="7">0</subfield>
    <subfield code="8">NFIC</subfield>
    <subfield code="a">ASL</subfield>
    <subfield code="b">ASL</subfield>
    <subfield code="c">BC</subfield>
    <subfield code="d">2022-06-02</subfield>
    <subfield code="e">Complementary</subfield>
    <subfield code="l">0</subfield>
    <subfield code="o">923.2 TUN</subfield>
    <subfield code="p">116901</subfield>
    <subfield code="r">2022-06-02 00:00:00</subfield>
    <subfield code="t">C-1</subfield>
    <subfield code="w">2022-06-02</subfield>
    <subfield code="y">BK</subfield>
  </datafield>
  <datafield tag="999" ind1=" " ind2=" ">
    <subfield code="c">28820</subfield>
    <subfield code="d">28820</subfield>
  </datafield>
  <controlfield tag="003">BDDh-ASL</controlfield>
  <controlfield tag="005">20231015030956.0</controlfield>
  <controlfield tag="008">220602s2022    b  ||||| |||| 00| 0 b   d</controlfield>
  <datafield tag="040" ind1=" " ind2=" ">
    <subfield code="c">BDDh-ASL</subfield>
  </datafield>
  <datafield tag="082" ind1=" " ind2=" ">
    <subfield code="a">923.2</subfield>
    <subfield code="b">TUN</subfield>
  </datafield>
  <datafield tag="245" ind1="0" ind2=" ">
    <subfield code="a">&#x99F;&#x9C1;&#x999;&#x9CD;&#x997;&#x9BF;&#x9AA;&#x9BE;&#x9A1;&#x9BC;&#x9BE;:</subfield>
    <subfield code="b">&#x9B9;&#x9C3;&#x9A6;&#x9AF;&#x9BC;&#x9C7; &#x9AA;&#x9BF;&#x9A4;&#x9C3;&#x9AD;&#x9C2;&#x9AE;&#x9BF; /</subfield>
  </datafield>
  <datafield tag="246" ind1=" " ind2=" ">
    <subfield code="a">Tungipara: Hridoye Pritibhumi.  </subfield>
  </datafield>
  <datafield tag="260" ind1=" " ind2=" ">
    <subfield code="a">&#x9A2;&#x9BE;&#x995;&#x9BE;:  </subfield>
    <subfield code="b">&#x99C;&#x9BE;&#x9A4;&#x9BF;&#x9B0; &#x9AA;&#x9BF;&#x9A4;&#x9BE; &#x9AC;&#x999;&#x9CD;&#x997;&#x9AC;&#x9A8;&#x9CD;&#x9A7;&#x9C1; &#x9B6;&#x9C7;&#x996; &#x9AE;&#x9C1;&#x99C;&#x9BF;&#x9AC;&#x9C1;&#x9B0; &#x9B0;&#x9B9;&#x9AE;&#x9BE;&#x9A8;&#x9C7;&#x9B0; &#x99C;&#x9A8;&#x9CD;&#x9AE;&#x9B6;&#x9B0;&#x9CD;&#x9A4;&#x9AC;&#x9BE;&#x9B0;&#x9CD;&#x9B7;&#x9BF;&#x995;&#x9C0; &#x989;&#x9A6;&#x9AF;&#x9BE;&#x9AA;&#x9A8; &#x99C;&#x9BE;&#x9A4;&#x9C0;&#x9AF;&#x9BC; &#x995;&#x9AE;&#x9BF;&#x99F;&#x9BF;, </subfield>
    <subfield code="c">&#x9E8;&#x9E6;&#x9E8;&#x9E8;&#x964; </subfield>
  </datafield>
  <datafield tag="300" ind1=" " ind2=" ">
    <subfield code="c">&#x9E8;&#x9E8; &#x9B8;&#x9C7;.&#x9AE;&#x9BF;. </subfield>
  </datafield>
  <datafield tag="650" ind1=" " ind2="0">
    <subfield code="9">4442</subfield>
    <subfield code="a">&#x9AC;&#x999;&#x9CD;&#x997;&#x9AC;&#x9A8;&#x9CD;&#x9A7;&#x9C1; (Bangabandhu) &#x9B6;&#x9C7;&#x996; &#x9AE;&#x9C1;&#x99C;&#x9BF;&#x9AC;&#x9C1;&#x9B0; &#x9B0;&#x9B9;&#x9AE;&#x9BE;&#x9A8; (Sheikh Mujibur Rahman) </subfield>
    <subfield code="x">&#x9AE;&#x9C1;&#x995;&#x9CD;&#x9A4;&#x9BF;&#x9AF;&#x9C1;&#x9A6;&#x9CD;&#x9A7; (Muktijuddha) Liberation War </subfield>
    <subfield code="z">&#x9AC;&#x9BE;&#x982;&#x9B2;&#x9BE;&#x9A6;&#x9C7;&#x9B6; (Bangladesh) </subfield>
  </datafield>
  <datafield tag="700" ind1="1" ind2=" ">
    <subfield code="9">6279</subfield>
    <subfield code="a">&#x99A;&#x9CC;&#x9A7;&#x9C1;&#x9B0;&#x9C0;, &#x995;&#x9BE;&#x9AE;&#x9BE;&#x9B2; &#x986;&#x9AC;&#x9A6;&#x9C1;&#x9B2; &#x9A8;&#x9BE;&#x9B8;&#x9C7;&#x9B0; </subfield>
    <subfield code="c">&#x9A1;. </subfield>
  </datafield>
  <datafield tag="942" ind1=" " ind2=" ">
    <subfield code="2">ddc</subfield>
    <subfield code="c">BK</subfield>
  </datafield>
</record>
